[Event "AUTO-ELITE-1677"]
[Site "http://www.queenalice.com/game.php?id=1421078"]
[Date "2016.5.3"]
[Round "1"]
[White "Martin369"]
[Black "BEBADO"]
[Result "1-0"]
[WhiteElo "2476"]
[BlackElo "2229"]

1. d4 Nf6 2. c4 e6 3. Nf3 c5 4. d5 exd5 5. cxd5 d6 6. Nc3 g6 7. e4 Bg7 8. Bd3
O-O 9. O-O Re8 10. h3 a6 11. a4 b6 12. Re1 Ra7 13. Bf4 Rae7 14. Nd2 Nh5 15. Bg5
Bf6 16. Bxf6 Nxf6 17. Nc4 Qc7 18. f4 Nbd7 19. e5 1-0

[Event "AUTO-ELITE-1677"]
[Site "http://www.queenalice.com/game.php?id=1421079"]
[Date "2016.5.3"]
[Round "1"]
[White "BEBADO"]
[Black "Martin369"]
[Result "1/2-1/2"]
[WhiteElo "2242"]
[BlackElo "2471"]

1. e4 e5 2. Nf3 Nc6 3. d4 exd4 4. Nxd4 Nf6 5. Nxc6 bxc6 6. e5 Qe7 7. Qe2 Nd5 8.
c4 Ba6 9. b3 Qh4 10. a3 Bc5 11. g3 Qe7 12. Bb2 Nb6 13. Bg2 f6 14. exf6 Qxe2+ 15.
Kxe2 gxf6 16. Re1 Kf7 17. Kf1 Rab8 18. Bc3 d5 19. Kg1 Rhe8 20. Nd2 Bb7 21. Rxe8
Rxe8 22. Bf1 Ba6 23. b4 d4 24. Bb2 Na4 25. Rb1 Nxb2 26. Rxb2 Bf8 27. c5 Re1 28.
Rb1 Rxb1 29. Nxb1 Bb5 30. Bxb5 cxb5 31. Kf1 Ke6 32. Ke2 Kd5 33. Kd3 Bh6 34. f4
Bg7 35. Nd2 f5 36. Nf3 Bf6 37. h3 h5 38. Nh2 Bg7 39. Nf3 1/2-1/2

[Event "AUTO-ELITE-1689"]
[Site "http://www.queenalice.com/game.php?id=1424586"]
[Date "2016.5.24"]
[Round "1"]
[White "Martin369"]
[Black "sadick"]
[Result "1-0"]
[WhiteElo "2487"]
[BlackElo "2280"]

1. d4 e6 2. c4 Nf6 3. Nf3 b6 4. g3 Bb7 5. Bg2 Bb4+ 6. Bd2 Bxd2+ 7. Qxd2 O-O 8.
Nc3 d6 9. O-O Nbd7 10. Rad1 d5 11. cxd5 exd5 12. Rc1 Re8 13. Rfd1 Ne4 14. Qf4
Nxc3 15. Rxc3 c6 16. e3 h6 17. Bh3 g5 18. Qf5 Nf6 19. Bf1 Ne4 20. Ne5 Rxe5 21.
dxe5 Nxc3 22. bxc3 Bc8 23. Qd3 Bg4 24. Rd2 Be6 25. f4 Qe7 26. Be2 Qc5 27. Kg2
Rf8 28. Rd1 f5 29. Qd2 g4 30. h3 h5 31. Rh1 Kg7 32. Kf2 a5 33. hxg4 hxg4 34. Qd3
b5 35. Rh5 Rh8 36. Rg5+ Kf7 37. Rxf5+ Ke7 38. Rf6 1-0

[Event "AUTO-ELITE-1689"]
[Site "http://www.queenalice.com/game.php?id=1424588"]
[Date "2016.5.24"]
[Round "1"]
[White "Martin369"]
[Black "trompmaster"]
[Result "1-0"]
[WhiteElo "2473"]
[BlackElo "2374"]

1. d4 e6 2. c4 f5 3. Nf3 d5 4. cxd5 exd5 5. Nc3 Nf6 6. Bg5 c6 7. Qc2 Qd6 8. Bxf6
Qxf6 9. Nxd5 Qd6 10. Nc3 Na6 11. a3 Nc7 12. e4 fxe4 13. Nxe4 Qf4 14. Bd3 Bh3 15.
O-O Be7 16. Ne5 Be6 17. Rac1 O-O-O 18. g3 Qh6 19. Nxc6 bxc6 20. Qxc6 Bc4 21.
Qxc4 Qb6 22. d5 Kb8 23. d6 Bxd6 24. Rc3 a6 25. Rb3 Nb5 26. Qa4 Rhe8 27. Nxd6
Rxd6 28. Bxb5 axb5 29. Rxb5 Re7 30. Rc1 g6 31. Qf4 1-0

[Event "AUTO-ELITE-1689"]
[Site "http://www.queenalice.com/game.php?id=1424589"]
[Date "2016.5.24"]
[Round "1"]
[White "trompmaster"]
[Black "Martin369"]
[Result "0-1"]
[WhiteElo "2356"]
[BlackElo "2479"]

1. d4 Nf6 2. Nf3 d5 3. e3 e6 4. Bd3 c5 5. b3 Nc6 6. O-O Be7 7. Bb2 O-O 8. Nbd2
Qc7 9. Ne5 cxd4 10. exd4 Nb4 11. a3 Nxd3 12. cxd3 Bd7 13. Rc1 Qb6 14. Nxd7 Nxd7
15. Qe2 Rac8 16. f4 g6 17. Qe3 Nf6 18. Qg3 Bd6 19. Qf3 Kg7 20. Qe3 Ng4 21. Qg3
Nh6 22. Rfd1 Qa5 23. Nf1 Nf5 24. Qf3 Qb5 25. Nd2 h5 26. a4 Qb4 27. Qf2 Be7 28.
Qe2 Bf6 29. Kh1 h4 30. Qf2 Rh8 31. Kg1 Nxd4 32. Kh1 Nf5 33. Bxf6+ Kxf6 34. Kg1
Qd4 35. Qxd4+ Nxd4 36. Kf2 Kf5 37. g3 hxg3+ 38. hxg3 Rh2+ 39. Ke3 Nc2+ 40. Kf3
g5 41. g4+ Kg6 42. Nf1 Nd4+ 43. Ke3 Rxc1 44. Rxc1 Nxb3 45. Nxh2 Nxc1 46. fxg5 e5
47. Kd2 Nb3+ 48. Kc3 Nd4 49. Nf1 Nc6 50. Ng3 Kxg5 51. Nf5 f6 52. Nd6 Kxg4 0-1

[Event "AUTO-ELITE-1691"]
[Site "http://www.queenalice.com/game.php?id=1425229"]
[Date "2016.5.28"]
[Round "1"]
[White "BEBADO"]
[Black "Martin369"]
[Result "0-1"]
[WhiteElo "2247"]
[BlackElo "2467"]

1. e4 c6 2. d4 d5 3. e5 Bf5 4. Nf3 e6 5. Be2 Nd7 6. O-O Ne7 7. Nbd2 Qc7 8. Nb3
Bg6 9. Nh4 Nf5 10. Nxg6 hxg6 11. Bg4 O-O-O 12. a4 c5 13. c3 f6 14. f4 c4 15. Nd2
fxe5 16. Bxf5 gxf5 17. fxe5 Nxe5 18. dxe5 Bc5+ 19. Kh1 Rxh2+ 0-1

[Event "AUTO-ELITE-1691"]
[Site "http://www.queenalice.com/game.php?id=1425230"]
[Date "2016.5.28"]
[Round "1"]
[White "Martin369"]
[Black "BEBADO"]
[Result "1-0"]
[WhiteElo "2469"]
[BlackElo "2248"]

1. d4 Nf6 2. c4 c5 3. d5 b5 4. cxb5 a6 5. bxa6 Bxa6 6. Nc3 g6 7. Nf3 Bg7 8. e4
Bxf1 9. Kxf1 d6 10. Bg5 Nbd7 11. g3 O-O 12. Kg2 Qa5 13. h3 Rfb8 14. Qc2 Rb4 15.
Rab1 Rab8 16. Rhe1 Ne8 17. Bxe7 f6 18. h4 Kf7 19. e5 dxe5 20. d6 Qa8 21. a3 Rd4
22. Ne4 Qd5 23. Nxd4 cxd4 24. b4 1-0

[Event "AUTO-ELITE-1691"]
[Site "http://www.queenalice.com/game.php?id=1425237"]
[Date "2016.5.28"]
[Round "1"]
[White "Martin369"]
[Black "Nunes"]
[Result "1-0"]
[WhiteElo "2485"]
[BlackElo "2193"]

1. d4 d5 2. Nf3 Nf6 3. c4 c6 4. g3 g6 5. Bg2 Bg7 6. Nc3 O-O 7. Qb3 dxc4 8. Qxc4
Bf5 9. O-O Nbd7 10. Qb3 Qb6 11. Re1 Ne4 12. Nh4 Nd6 13. e4 Be6 14. d5 cxd5 15.
exd5 Bf5 16. Rxe7 Nc5 17. Qxb6 axb6 18. Bf4 Rfd8 19. Bxd6 Rxd6 20. Nxf5 gxf5 21.
Bf3 Na4 22. Nxa4 Rxa4 23. Re8+ Bf8 24. Rc1 1-0

[Event "AUTO-ELITE-1691"]
[Site "http://www.queenalice.com/game.php?id=1425238"]
[Date "2016.5.28"]
[Round "1"]
[White "Nunes"]
[Black "Martin369"]
[Result "0-1"]
[WhiteElo "2227"]
[BlackElo "2466"]

1. e4 e5 2. Nf3 Nc6 3. Bb5 Nf6 4. O-O Bc5 5. c3 O-O 6. d4 Bb6 7. Bg5 h6 8. Bh4
exd4 9. cxd4 g5 10. e5 gxh4 11. exf6 Qxf6 12. Nc3 Nxd4 13. Nxd4 Qxd4 14. Qh5 c6
15. Rad1 Qf4 16. Be2 d5 17. Bf3 Be6 18. Ne2 Qg5 19. Nd4 Bd7 20. Rfe1 Rfe8 21.
Rxe8+ Rxe8 22. g3 Bxd4 0-1

[Event "AUTO-ELITE-1714"]
[Site "http://www.queenalice.com/game.php?id=1433640"]
[Date "2016.7.28"]
[Round "1"]
[White "PopowskiF"]
[Black "Martin369"]
[Result "1-0"]
[WhiteElo "2254"]
[BlackElo "2463"]

1. e4 e5 2. Nf3 Nc6 3. Bb5 Nf6 4. O-O Bc5 5. c3 O-O 6. d4 Bb6 7. Bg5 h6 8. Bh4
exd4 9. e5 g5 10. Bg3 Ne4 11. cxd4 a6 12. Ba4 Nxg3 13. hxg3 g4 14. Qd2 Kg7 15.
d5 gxf3 16. dxc6 dxc6 17. gxf3 Qd4 18. Kg2 Qxa4 19. Rh1 1-0

[Event "AUTO-ELITE-1714"]
[Site "http://www.queenalice.com/game.php?id=1433641"]
[Date "2016.7.28"]
[Round "1"]
[White "Martin369"]
[Black "PopowskiF"]
[Result "0-1"]
[WhiteElo "2451"]
[BlackElo "2272"]

1. d4 d5 2. c4 e6 3. Nc3 c5 4. Nf3 Nf6 5. cxd5 exd5 6. g3 Nc6 7. Bg2 Be6 8. O-O
Be7 9. dxc5 Bxc5 10. Bg5 Be7 11. Rc1 O-O 12. Nd4 h6 13. Be3 a6 14. Na4 Nxd4 15.
Qxd4 Ng4 16. Bf4 Bf6 17. Qb4 Be5 18. Bxe5 Nxe5 19. Nb6 Nc6 0-1

[Event "AUTO-ELITE-1714"]
[Site "http://www.queenalice.com/game.php?id=1433646"]
[Date "2016.7.28"]
[Round "1"]
[White "Norfair"]
[Black "Martin369"]
[Result "1-0"]
[WhiteElo "2615"]
[BlackElo "2491"]

1. e4 e5 2. Nf3 Nc6 3. Bc4 Bc5 4. O-O Nf6 5. d3 d6 6. c3 O-O 7. Re1 a6 8. a4 Bd7
9. b4 Ba7 10. Nbd2 b5 11. Bb3 Ne7 12. h3 h6 13. Nf1 Ng6 14. Ng3 c5 15. d4 exd4
16. bxc5 bxa4 17. Bxa4 dxc5 18. Bxd7 Qxd7 19. cxd4 cxd4 20. Rxa6 Rfc8 21. Rxf6
gxf6 22. Nh2 Qd8 23. Ng4 d3 24. Bxh6 Bd4 25. Nh5 Kh7 26. Qf3 Rc2 27. e5 Re2 28.
Nhxf6+ 1-0

[Event "AUTO-ELITE-1714"]
[Site "http://www.queenalice.com/game.php?id=1433647"]
[Date "2016.7.28"]
[Round "1"]
[White "Martin369"]
[Black "Norfair"]
[Result "1/2-1/2"]
[WhiteElo "2485"]
[BlackElo "2621"]

1. e4 e5 2. Nf3 Nc6 3. Bb5 Nf6 4. Nc3 Bb4 5. O-O O-O 6. d3 Bxc3 7. bxc3 d6 8.
Bxc6 bxc6 9. h3 h6 10. Be3 Be6 11. c4 Nd7 12. Rb1 f5 13. exf5 Bxf5 14. Qe2 c5
15. Nd2 Rb8 16. Rxb8 Nxb8 17. Rb1 Nc6 18. Ne4 Bxe4 19. dxe4 Qc8 20. Qd3 Qa6 21.
a3 Kh7 22. Kh2 Nb8 23. Qd5 Nd7 24. Rb3 Nb6 25. Qc6 Qc8 26. Rc3 Rf6 27. Qb5 a6
28. Qb1 Qe6 1/2-1/2

[Event "AUTO-ELITE-1734"]
[Site "http://www.queenalice.com/game.php?id=1441387"]
[Date "2016.9.16"]
[Round "1"]
[White "Jerzy"]
[Black "Martin369"]
[Result "1-0"]
[WhiteElo "2275"]
[BlackElo "2475"]

1. d4 Nf6 2. Nf3 d5 3. c4 c6 4. e3 Bf5 5. Nc3 e6 6. cxd5 cxd5 7. Bb5+ Nc6 8. Ne5
Qb6 9. Qa4 Rc8 10. Bd2 a6 11. Bxc6+ bxc6 12. Nd1 Nd7 13. Nxd7 Kxd7 14. O-O Qb5
15. Qa5 Bd6 16. f3 1-0

[Event "AUTO-ELITE-1734"]
[Site "http://www.queenalice.com/game.php?id=1441388"]
[Date "2016.9.16"]
[Round "1"]
[White "Martin369"]
[Black "Jerzy"]
[Result "0-1"]
[WhiteElo "2488"]
[BlackElo "2256"]

1. d4 Nf6 2. c4 e6 3. Nf3 d5 4. Nc3 c6 5. e3 Bd6 6. Be2 Nbd7 7. O-O O-O 8. Qc2
Qe7 9. h3 e5 10. cxd5 cxd5 11. Nb5 e4 12. Nd2 Re8 13. a4 Nf8 14. b3 Bb8 15. Ba3
Qd8 16. Rfc1 Ne6 0-1

[Event "AUTO-ELITE-1734"]
[Site "http://www.queenalice.com/game.php?id=1441393"]
[Date "2016.9.16"]
[Round "1"]
[White "Martin369"]
[Black "seega"]
[Result "0-1"]
[WhiteElo "2424"]
[BlackElo "2285"]

1. d4 Nf6 2. c4 e6 3. Nf3 b6 4. g3 Bb7 5. Bg2 Be7 6. Nc3 Ne4 7. Qc2 Nxc3 8. Qxc3
O-O 9. O-O f5 10. Bf4 Bf6 0-1

[Event "AUTO-ELITE-1734"]
[Site "http://www.queenalice.com/game.php?id=1441394"]
[Date "2016.9.16"]
[Round "1"]
[White "seega"]
[Black "Martin369"]
[Result "1-0"]
[WhiteElo "2268"]
[BlackElo "2435"]

1. Nf3 Nf6 2. c4 Nc6 3. d4 d5 4. cxd5 Nxd5 5. e4 Nf6 6. Nc3 e6 7. Bg5 Be7 8. Bc4
O-O 9. O-O a6 10. a3 h6 11. Bxf6 1-0